1938 Hatay : (Record no. 15094)

MARC details
000 -BAŞLIK
Sabit Uzunlukta Kontrol Alanı 00736nam a22002297a 4500
999 ## - SİSTEM KONTROL NUMARALARI (KOHA)
Koha Biblionumber 15094
Koha Biblioitemnumber 15094
003 - KONTROL NUMARASI IDENTIFIER
Denetim Alanı MIRAKIL
005 - SON İŞLEM TARİHİ VE ZAMANI
Denetim Alanı 20221208161022.0
008 - SABİT-BOY VERİ ELEMANLARI - GENEL BİLGİLER
Sabit Uzunlukta Kontrol Alanı 221208b tu ||||| |||| 00| 0 tur d
020 ## - ULUSLARARASI STANDART KİTAP NUMARASI
Uluslararası Standart Kitap Numarası 9786058838314
040 ## - KATALOGLAMA KAYNAK
Orijinal Kataloglama Ajansı TR-AnCHP
Kataloglama Dili tur
Metne Dönüştürmek Ajansı TR-AnCHP
041 ## - DİL KODU
Metin / Ses Parça Veya Ayrı Başlığın Dil Kodu tur
082 ## - DEWEY ONLU SINIFLANDIRMA NUMARASI
Sınıflandırma Numarası 956.423
Ürün Numarası M86b 2015
100 1# - ANA GİRİŞ - KİŞİSEL İSİM
Kişisel Ad Mursaloğlu, Mehmet
245 ## - BAŞLIK TABLOSU
Başlık 1938 Hatay :
Başlığın Kalan (Hatay meselesi bitmiştir)/
Sorumluluk Tablosu, Vb Hazırlayan: Mehmet Mursaloğlu
246 ## - UNVAN FORM VARYING
Başlık Doğru / Kısa Başlığı (Hatay meselesi bitmiştir)
260 ## - YAYIN, DAĞITIM, VB
Yayın, Dağıtım, Vb Yeri Hatay :
Yayıncı, Dağıtıcı, Vs Adı Hatay Büyükşehir Belediyesi,
Yayın, Dağıtım, Vb Tarihi 2015.
300 ## - FİZİKSEL TANIM
Kapsam 148 s. :
Diğer Fiziksel Ayrıntıları fotg.;
Boyutlar 30 sm.
490 0# - SERİSİ TABLOSU
Seri Beyanı Hatay Büyükşehir Belediyesi Kültür Yayınları ;
Hacim / Ardışık Tanımı 1.
651 ## - KONU KATMA GİRİŞ - COĞRAFİ ADI
Coğrafi İsim Hatay
Genel Alt Bölümü Tarih
740 ## - KATMA GİRİŞ - KONTROLSUZ İLGİLİ / ANALİTİK BAŞLIK
Kontrol Edilmeyen / İlgili Analitik Başlıktaki (Hatay meselesi bitmiştir)
942 ## - EKLENDİ GİRİŞ ELEMANLARI (KOHA)
Sınıflandırma Veya Raf Düzeni Kaynak Dewey Decimal Classification
Koha Öğesi Türü Books
Holdings
Kalıcı Konum Mevcut Konum Edinme Tarihi Toplam Check-Out'Lar Tam Çağrı Numarası Barkod Tarih Son Görülme İtibaren Geçerli Fiyatlar Koha Öğesi Türü
CHP Kütüphanesi CHP Kütüphanesi 12/08/2022   956.423 M86b 2015 020658 12/08/2022 12/08/2022 Books